|
|
|
|
| LEADER |
00000nam a2200000 a 4500 |
| 001 |
si10372 |
| 005 |
20230308190425.0 |
| 008 |
015110|1977 ||||||||r|||||||||||spa|| |
| 020 |
|
|
|a 8471180596
|
| 040 |
|
|
|b spa
|
| 041 |
0 |
|
|a Español
|
| 082 |
|
|
|a 930
|
| 100 |
1 |
|
|a Iñiguez, José Antonio
|d 1929-
|9 122698
|
| 245 |
|
|
|a Sintesis de arqueología cristiana
|c José Antonio Iñiguez
|h foto
|
| 264 |
|
|
|a Madrid
|b Ediciones Palabra
|c 1977
|
| 300 |
|
|
|a 296 páginas:
|b ilu
|c 29 cm
|
| 504 |
|
|
|a incl. ref.
|
| 653 |
|
|
|a ARQUEOLOGIA
|
| 650 |
|
|
|a Arqueologia cristiana
|9 15894
|
| 852 |
|
|
|a UC-CDJBV
|c TERCER PISO
|f Donación
|k lucia.mora
|l 1
|m General
|p 20151104
|q 1.00
|r 2
|t si10372
|b 0
|d CDRC
|e CDRC
|g 930 TERCER PISO
|z 2015-51-10
|
| 856 |
|
|
|a http://sibuc.ucuenca.edu.ec/portada/si10372-cdj.jpg
|
| 942 |
|
|
|c BK
|
| 999 |
|
|
|c 72869
|d 72869
|